Purchasing and materials management / (Record no. 11378)

000 -LEADER
fixed length control field 00488pam a2200181 a 4500
020 ## - INTERNATIONAL STANDARD BOOK NUMBER
ISBN 0256103348 (alk. paper)
040 ## - CATALOGING SOURCE
Transcribing agency DLC
082 00 - DEWEY DECIMAL CLASSIFICATION NUMBER
Classification number 658 IRW 1993 A036 Or.
100 1# - MAIN ENTRY--AUTHOR NAME
Personal name Leenders, Michiel R.
245 10 - TITLE STATEMENT
Title Purchasing and materials management /
250 ## - EDITION STATEMENT
Edition statement 10th ed.
260 ## - PUBLICATION, DISTRIBUTION, ETC. (IMPRINT)
Place of publication Homewood, IL :
Name of publisher Irwin,
Year of publication c1993.
300 ## - PHYSICAL DESCRIPTION
Number of Pages 682 p. :
Other physical details ill. ;
Dimensions 24 cm.
650 #0 - SUBJECT ADDED ENTRY--TOPICAL TERM
Topical Term Industrial procurement.
650 #0 - SUBJECT ADDED ENTRY--TOPICAL TERM
Topical Term Materials management.
700 1# - ADDED ENTRY--PERSONAL NAME
Personal name Fearon, Harold E.
942 ## - ADDED ENTRY ELEMENTS (KOHA)
Koha item type សៀវភៅភាសាអង់គ្លេស
952 ## - LOCATION AND ITEM INFORMATION (KOHA)
Withdrawn status [LOCAL, KOHA] 0
Holdings
Permanent Location Date acquired Koha item type Lost status Shelving location Barcode Current Location Full call number
Library Block A2017-08-01សៀវភៅភាសាអង់គ្លេស A036A13152Library Block A658 IRW 1993 A036 Or.
មជ្ឈមណ្ឌលឯការនៃសាកលវិទ្យាល័យភូមិន្ទកសិកម្មចំការដូង

Powered by Koha